| 000 | 00507nam a22001697a 4500 | ||
|---|---|---|---|
| 005 | 20240306101341.0 | ||
| 008 | 240306b |||||||| |||| 00| 0 eng d | ||
| 020 | _a9780409126785 | ||
| 041 | _aEnglish | ||
| 082 | _a349 BUT | ||
| 100 | _lEnglish | ||
| 245 |
_aButterworths Labour Law Reports / _cedited by D Singh |
||
| 260 |
_aDurban : _bLexisNexis (Pty) Ltd, _c1994/2015 |
||
| 300 |
_bvi, 1111 pages ; _c25 cm. |
||
| 650 |
_aLegal practice _bLaw |
||
| 942 |
_cBK _6ALISON_BN_VRIES |
||
| 999 |
_c1410 _d1410 |
||